[Event "Granada Nazari IM"]
[Site "Granada"]
[Date "2014.04.19"]
[Round "8"]
[White "Gavilan Diaz, Mario"]
[Black "Cruz Ravina, Francisco Javier"]
[Result "1/2-1/2"]
[WhiteElo "2269"]
[BlackElo "2320"]
[PlyCount "35"]
[EventDate "2014.04.15"]
[EventType "tourn"]
[EventRounds "9"]
[EventCountry "ESP"]
[EventCategory "2"]
[SourceTitle "CBM 160 Extra"]
[Source "ChessBase"]
[SourceDate "2014.07.01"]
[SourceVersion "1"]
[SourceVersionDate "2014.07.01"]
[SourceQuality "1"]

1. e4 e6 2. d4 c5 3. Nf3 cxd4 4. Nxd4 Nf6 5. Nc3 Nc6 6. Ndb5 Bb4 7. a3 Bxc3+ 8. Nxc3 d5 9. Bd3 dxe4 10. Nxe4 Nxe4 11. Bxe4 Qxd1+ 12. Kxd1 Bd7 13. Be3 0-0-0 14. Ke2 b6 15. Rhd1 Ne5 16. Bd4 Bb5+ 17. Ke1 Bc6 18. Bxe5 1/2-1/2